logo

Bir Sreshtho Munshi Abdur Rouf Library
Jhenaidah Cadet College

Spelling : (Record no. 4657)

MARC details
000 -LEADER
fixed length control field 00606nam a2200229 a 4500
001 - CONTROL NUMBER
JCCL Control Number 4657
003 - CONTROL NUMBER IDENTIFIER
JCCL marc code BD-JhCC
005 - DATE AND TIME OF LATEST TRANSACTION
control field 20171203185004.0
008 - FIXED-LENGTH DATA ELEMENTS--GENERAL INFORMATION
fixed length control field 171129s1984 as a|||| ||a| 00| 0 eng d
020 ## - INTERNATIONAL STANDARD BOOK NUMBER
International Standard Book Number 0673203182
035 ## - SYSTEM CONTROL NUMBER
system control number (BD-JhCC)4657
040 ## - CATALOGING SOURCE
Original cataloging agency BD-JhCC
Modifying agency BD-JhCC
041 ## - LANGUAGE CODE
Language code of Book eng
082 ## - DEWEY DECIMAL CLASSIFICATION NUMBER
Classification number 428.1
Author mark and Year SPE 1984
245 ## - TITLE STATEMENT
Title Spelling :
Remainder of title Words and skills /
Statement of responsibility, etc Linda ward Beech...[ et. all. ].
260 ## - PUBLICATION, DISTRIBUTION, ETC. (IMPRINT)
Place of publication, distribution, etc illinois :
Name of publisher, distributor, etc Scott, Foresman and Company,
Date of publication, distribution, etc 1984.
300 ## - PHYSICAL DESCRIPTION
Pagination 176 p. :
Other physical details ills;
Dimensions 23 cm.
650 ## - SUBJECT ADDED ENTRY--TOPICAL TERM
Topical term or geographic name as entry element Spelling
700 ## - ADDED ENTRY--PERSONAL NAME
Personal name Beech, Linda ward
942 ## - ADDED ENTRY ELEMENTS (KOHA)
Source of classification or shelving scheme Dewey Decimal Classification
Koha item type Books
Holdings
Source of classification or shelving scheme Damaged status Not for loan Home library Current library Shelving location Date of accession Total Checkouts Full call number Barcode Date last seen Copy number Koha item type
Dewey Decimal Classification     JCC Rouf Library JCC Rouf Library General Stacks 11/29/2017   428.1 SPE 1984 5801 11/29/2017 C- 1 Books

JCC Library | Contacts | JCC Home

Last Update on 23 September 2017
Copyright @ 2017-2020 JCC Rouf Library
Rouf Library, Jhenidah Cadet College (JCC), Bangladesh